En la espiral de los tiempos : (Registro nro. 13659)
[ vista simple ]
| 000 -LIDER | |
|---|---|
| fixed length control field | 00883nam a2200277 a 4500 |
| 001 - NÚMERO DE CONTROL | |
| Identificador de número de control | |
| 003 - IDENTIFICACDOR DE NÚMERO DE CONTROL | |
| control field | DO-SdBNP |
| 005 - DATE AND TIME OF LATEST TRANSACTION | |
| control field | 20210818103238.0 |
| 008 - ELEMENTOS DE LONGITUD FIJA | |
| fixed length control field | 090707s2005 dr 001 0 spa d |
| 020 ## - ISBN | |
| International Standard Book Number | 9993479330 |
| 040 ## - FUENTE DE CATALOGACIÓN | |
| Agencia que crea de manera original el registro | DO-SdBNP |
| Idioma de catalogación | spa |
| Agencia que realiza la transcripción | BPMSU |
| 082 ## - NÚMERO DE CLASIFICACIÓN DECIMAL DE DEWEY | |
| Classification number | RD864.44 |
| Item number | M433e, 2005 |
| Edition number | 22 |
| 100 1# - ASIENTO PRINCIPAL -- NOMBRE PERSONAL | |
| Nombre personal | Matos Moquete, Manuel, |
| Fechas asociadas con el nombre | 1944- |
| 245 10 - MENCIÓN DE TITULO | |
| Título | En la espiral de los tiempos : |
| Subtítulo | ensayos / |
| Mención de responsabilidad | Manuel Matos Moquete. |
| 246 14 - VARIACION DEL TÍTULO | |
| Título propiamente dicho o título corto | En la espiral de los tiempos |
| 250 ## - MENCIÓN DE EDICION | |
| Mención de edición | 2a ed. |
| 260 ## - PUBLICACIÓN, DISTRIBUCIÓN, ETC. (PIE DE IMPRENTA) | |
| Lugar de publicación, distribución, etc | Santo Domingo : |
| Nombre del editor, distribuidor, etc. | Búho, |
| Fecha de publicación, distribución, etc | 2005. |
| 300 ## - DESCRIPCIÓN FÍSICA | |
| Extensión | 303 p. ; |
| Dimensiones | 23 cm. |
| 500 ## - NOTA GENERAL | |
| Nota general | Incluye datos biográficos del autor en la solapa de la cubierta |
| 590 ## - NOTA LOCAL | |
| Enlace | Inventariado, 2021/VM |
| 650 #4 - ENCABEZAMIENTO DE MATERIA--TEMÁTICO | |
| Término temático o nombre geográfico como elemento de entrada | Ensayos dominicanos |
| 650 #0 - ENCABEZAMIENTO DE MATERIA--TEMÁTICO | |
| Término temático o nombre geográfico como elemento de entrada | Literatura dominicana. |
| 651 #4 - ENCABEZAMIENTO DE MATERIA--NOMBRE GEOGRÁFICO | |
| Nombre geográfico | República Dominicana |
| Subdivisión temática general | Vida Intelectual |
| -- | Ensayos, Conferencias, Etc. |
| 910 ## - VALIDACIÓN | |
| Validación | VMateo V. |
| 942 ## - ADDED ENTRY ELEMENTS (KOHA) | |
| Source of classification or shelving scheme | Dewey Decimal Classification |
| Koha item type | Libros |
| Withdrawn status | Lost status | Source of classification or shelving scheme | Damaged status | Not for loan | Collection code | Home library | Current library | Date acquired | Source of acquisition | Full call number | Barcode | Date last seen | Price effective from | Koha item type |
|---|---|---|---|---|---|---|---|---|---|---|---|---|---|---|
| Dewey Decimal Classification | Colección Dominicana | Biblioteca Pública Metropolitana Salomé Ureña | Biblioteca Pública Metropolitana Salomé Ureña | 08/18/2021 | Saturnina Núñez | BPMSU CD RD864.44 M433e 2005 | BPMSU21080055 | 08/18/2021 | 08/18/2021 | Libros |